Loading...
| Arts - Music | 2 | 3 | 0 | 1 | 60 | 54 | 82.40 | 2 | 5 |
| Arts - Painting | 1 | 3 | 0 | 1 | 45 | 75 | 105.75 | 1 | 4 |
| Literature - World Lit | 1 | 2 | 0 | 2 | 35 | 79 | 116.67 | 1 | 3 |
| History - American History | 0 | 1 | 0 | 0 | 10 | 82 | 82.00 | 0 | 1 |
| History - Euro History | 0 | 1 | 0 | 0 | 10 | 120 | 120.00 | 0 | 1 |
| Literature - British Lit | 0 | 1 | 0 | 0 | 10 | 117 | 117.00 | 0 | 1 |
| Literature - Euro Lit | 0 | 1 | 0 | 0 | 10 | 119 | 119.00 | 0 | 1 |
| Other - Pop Culture | 0 | 1 | 0 | 0 | 10 | 76 | 76.00 | 0 | 1 |
| Thought - Social Science | 0 | 1 | 0 | 0 | 10 | 69 | 69.00 | 0 | 1 |
| Arts - Other Arts | 0 | 1 | 0 | 0 | 10 | 90 | 90.00 | 0 | 1 |
| Beliefs - Mythology | 0 | 1 | 0 | 0 | 10 | 100 | 100.00 | 1 | 1 |
| Science - Biology | 0 | 0 | 1 | 0 | -5 | 0.00 | 0 | 0 |